000 01434nam a2200361Ia 4500
001 ebr10394939
003 CaPaEBR
006 m u
007 cr cn|||||||||
008 880229s1988 wiua sb s001 0 eng d
010 _z 87040368
020 _z0299115607
020 _z9780299115609
040 _aCaPaEBR
_cCaPaEBR
035 _a(OCoLC)278318791
050 1 4 _aHT1221
_b.M55 1988eb
082 0 4 _a382/.44/09469
_219
100 1 _aMiller, Joseph Calder.
245 1 0 _aWay of death
_h[electronic resource] :
_bmerchant capitalism and the Angolan slave trade, 1730-1830 /
_cJoseph C. Miller.
260 _aMadison, Wis. :
_bUniversity of Wisconsin Press,
_cc1988.
300 _axxx, 770 p. :
_bill.
504 _aIncludes bibliographical references and index.
533 _aElectronic reproduction.
_bPalo Alto, Calif. :
_cebrary,
_d2010.
_nAvailable via World Wide Web.
_nAccess may be limited to ebrary affiliated libraries.
650 0 _aSlave traders
_zAngola
_xHistory.
650 0 _aSlave trade
_zAngola
_xHistory.
650 0 _aSlave trade
_zBrazil
_xHistory.
650 0 _aSlave trade
_zPortugal
_xHistory.
651 0 _aBrazil
_xCommerce
_xHistory.
651 0 _aPortugal
_xCommercial policy
_xHistory.
655 7 _aElectronic books.
_2local
710 2 _aebrary, Inc.
856 4 0 _uhttp://site.ebrary.com/lib/rucke/Doc?id=10394939
_zAn electronic book accessible through the World Wide Web; click to view
999 _c88225
_d88225